UBT Library

Current medical diagnosis treatment: (Record no. 1824)

000 -LEADER
fixed length control field 00349nam a22001337a 4500
008 - FIXED-LENGTH DATA ELEMENTS--GENERAL INFORMATION
fixed length control field 160505b xxu||||| |||| 00| 0 eng d
020 ## - INTERNATIONAL STANDARD BOOK NUMBER
International Standard Book Number 2800071591241
020 ## - INTERNATIONAL STANDARD BOOK NUMBER
International Standard Book Number 9780071591249
020 ## - INTERNATIONAL STANDARD BOOK NUMBER
International Standard Book Number 00928682
041 ## - LANGUAGE CODE
Language code of text/sound track or separate title eng
080 ## - UNIVERSAL DECIMAL CLASSIFICATION NUMBER
Universal Decimal Classification number 61
245 ## - TITLE STATEMENT
Title Current medical diagnosis treatment:
Statement of responsibility, etc Stephen J. McPhee; Maxine A. Papadakis;
942 ## - ADDED ENTRY ELEMENTS (KOHA)
Source of classification or shelving scheme
Item type Books
Holdings
Withdrawn status Lost status Source of classification or shelving scheme Damaged status Not for loan Collection code Permanent location Current location Shelving location Date acquired Total Checkouts Full call number Barcode Date last seen Price effective from Koha item type
                  05/05/2016       05/05/2016 05/05/2016 Books
                  05/05/2016       05/05/2016 05/05/2016 Books
          Koleksioni i përgjithshem UBT - Lipjan UBT - Lipjan Koleksioni i përgjithshem 05/05/2016   61 MCPH 002-028226 05/05/2016 05/05/2016 Books
UBT Library © 2015-2024. All rights reserved University Education for Business and Technology